| 000 | 00463nam a22001697a 4500 | ||
|---|---|---|---|
| 003 | OSt | ||
| 005 | 20131015095949.0 | ||
| 008 | 130605s2001 sp ||||| |||| 00| 0 spa d | ||
| 020 | _a8493196932 | ||
| 040 | _cCDMR | ||
| 100 | 1 |
_93684 _aCendán Fraga, Antonio |
|
| 245 | 1 | 3 |
_aLa prensa en Galicia a partir de 1976 _cAntonio Cendán Fraga |
| 260 |
_a[Lugo] _bTrymar _c2001 |
||
| 300 | _a152 p. | ||
| 650 | 0 | 4 |
_93682 _aPremsa _zGalícia _xHistòria _yS. XX |
| 942 |
_2udc _cMON |
||
| 999 |
_c6406 _d6406 |
||